Cities in Rhode Island Quiz - Statistics

General Stats
  • This quiz has been taken 30 times
  • The average score is 6 of 8
Answer Stats
Population County City % Correct
190,934 Providence Providence
95%
47,139 Providence East Providence
84%
25,163 Newport Newport
79%
82,823 Kent Warwick
74%
82,934 Providence Cranston
68%
43,240 Providence Woonsocket
68%
75,604 Providence Pawtucket
63%
22,583 Providence Central Falls
21%
No matching quizzes found
Score Distribution
Percent of People with Each Score
Percentile by Number Answered
Your Score History
You have not taken this quiz